Statistics for Eurovision 2022 - Guess the lyrics

Click here to take the quiz!

General Stats

  • This quiz has been taken 510 times
  • The average score is 17 of 40

Answer Stats

LyricAnswer% Correct
E ti vorrei rubare un cielo di perleItaly
75%
Ik zit diep en ik wil jou niet laten gaanNetherlands
74%
Pleacă trenul! Unde esti?Moldova
73%
I ride my bicycle to work instead of a carLatvia
70%
Let the water carry me awayPoland
70%
Vermir þitt vænghaf á nýIceland
67%
Te endulzo la cara en jugo de mangoSpain
65%
'Cause I'm about to lose the best I ever hadSweden
63%
Changing my furniture, change my bed coversCzech Republic
61%
Perdi o meu melhor amigoPortugal
58%
Nemam knjižicuSerbia
58%
You think I dressed up for youIreland
57%
Zaspivay meni mamo kolyskovuUkraine
57%
Ma guarda che donna che sonoSan Marino
51%
This is my masterplanMalta
49%
A ti drugemu srce oddajašSlovenia
47%
Dañsal a ran gant an diaoul ha para?France
45%
I wish there was a way to go back dreamingGermany
44%
You lick your lips as you walk awayFinland
43%
Gravity keeps pulling me downUnited Kingdom
40%
Twenty twenty-two, let's seal the dealIsrael
39%
See where you're going but I don't know where you've beenNorway
39%
Skęsta jūroje debesųLithuania
38%
What if they're gonna find out?Romania
37%
But it doesn't do for this hungry heartCroatia
34%
Turns out people lieArmenia
31%
Po vjen djali nga maletAlbania
30%
All in my, lucid dreamsCyprus
30%
That's the only way we can get out of this hell we madeGreece
28%
Go sharpen your teethAustria
26%
Everything is crumbling down beneath usNorth Macedonia
26%
Tried to jump on in, but they push awayAustralia
25%
Don't wanna live my life, waiting for your callBelgium
24%
We're living in a memoryAzerbaijan
23%
And I'm happy to be working my own groundEstonia
21%
I am not afraid of what's in front of meDenmark
18%
Don't fear the wolf that lives in me, oh, ohSwitzerland
15%
Make it 'til they break it, never could take itGeorgia
13%
Our souls will find themselves againMontenegro
11%
What life's taken away, I'm not missingBulgaria
7%

Score Distribution

Percentile by Number Answered

Percent of People with Each Score

Your Score History

You have not taken this quiz